MARC details
| 000 -LÍDER |
| campo de controle de tamanho fixo |
01363nac a22003257a 4500 |
| 001 - NÚMERO DE CONTROLE |
| campo de controle |
BR8000129 |
| 003 - IDENTIFICADOR DO NÚMERO DE CONTROLE |
| campo de controle |
BR-BrBNA |
| 005 - DATA E HORÁRIO DA ÚLTIMA TRANSAÇÃO |
| campo de controle |
20240105114611.0 |
| 008 - CAMPO DE DADOS FIXOS--INFORMAÇÃO GERAL |
| campo de controle de tamanho fixo |
230509b bl.|||m| |||| 00| 0 por d |
| 040 ## - FONTE DA CATALOGAÇÃO |
| Instituição da catalogação original |
BR-BrBNA |
| Idioma da catalogação |
por |
| Instituição que transcreveu o registro |
Biblioteca Nacional de Agricultura |
| 072 ## - CÓDIGO DE CATEGORIA DE ASSUNTO |
| Código de Categoria de Assunto |
E30; S00; E70 |
| 090 ## - NÚMERO DE CHAMADA LOCAL |
| Número de chamada |
9000 BR8000129 |
| 100 1# - ENTRADA PRINCIPAL--NOME PESSOAL |
| Nome pessoal |
Garcia, J.C. |
| 110 1# - ENTRADA PRINCIPAL--NOME CORPORATIVO |
| Nome corporativo ou nome da jurisdição |
Secretaria Nacional de Planejamento Agricola, Brasilia, DF (Brasil) |
| 9 (RLIN) |
9209 |
| 245 1# - TÍTULO |
| Título |
Influencia do aumento na oferta de alimentos sobre a nutricao humana. Implicacoes para o estabelecimento de prioridades para pesquisas agricolas no Brasil [Consumo alimentar] |
| 246 1# - FORMA VARIANTE DO TÍTULO |
| Título/título abreviado |
[Influence of food supply increase on human nutrition. Inference on the establishment of priorities for agricultural research in Brazil [Food consumption]] |
| 260 3# - PUBLICAÇÃO, DISTRIBUIÇÃO, ETC. |
| Local de publicação, distribuição, etc. |
Brasilia, DF (Brasil): |
| Nome do editor, distribuidor, etc. |
Biblioteca Nacional de Agricultura, |
| Data da publicação, distribuição, etc. |
1979. |
| 300 ## - DESCRIÇÃO FÍSICA |
| Extensão |
154 p. |
| 490 ## - TÍTULO DA SÉRIE |
| Título da série |
Estudos sobre o Desenvolvimento Agricola - Secretaria Nacional de Planejamento Agricola (Brazil) |
| Número do volume ou designação sequencial da série |
no. 12 |
| ISSN - International Standard Serial Number |
|
| 500 ## - NOTA GERAL |
| Nota geral |
49 tables; 40 ref. |
| 650 ## - ASSUNTO--TERMO TÓPICO |
| Cabeçalho tópico ou nome geográfico |
Politica de desenvolvimento |
| 650 ## - ASSUNTO--TERMO TÓPICO |
| Cabeçalho tópico ou nome geográfico |
Nutricao humana |
| 650 ## - ASSUNTO--TERMO TÓPICO |
| Cabeçalho tópico ou nome geográfico |
Comercializacao |
| 650 ## - ASSUNTO--TERMO TÓPICO |
| Cabeçalho tópico ou nome geográfico |
Alimento |
| 650 ## - ASSUNTO--TERMO TÓPICO |
| Cabeçalho tópico ou nome geográfico |
Consumo alimentar |
| 650 ## - ASSUNTO--TERMO TÓPICO |
| Cabeçalho tópico ou nome geográfico |
Suplemento proteico |
| 650 ## - ASSUNTO--TERMO TÓPICO |
| Cabeçalho tópico ou nome geográfico |
Oferta |
| 909 ## - |
| -- |
202312 |
| -- |
Lúcia Elande |
| -- |
55 |
| -- |
Lúcia Elande |
| 942 ## - ELEMENTOS DE ENTRADA ADICIONADOS (KOHA) |
| Fonte da classificação ou esquema de arquivamento na estante |
Classificação AGRIS |
| Ocultar no OPAC |
Não |
| Tipo de material Koha |
Monografia Seriada |